<The> Impact of Mineral Resources on Economic Growth
Efekt prírodných zdrojov, špeciálne nerastných, na výkonnosť ekonomiky. Typy prírodných zdrojov. Vplyv nerastných zdrojov na ekonomický rast v Subsaharskej Afrike.
Salvato in:
| Autore principale: | |
|---|---|
| Natura: | Capitolo di libro |
| Lingua: | inglese |
| Soggetti: | |
| Tags: |
Nessun Tag, puoi essere il primo ad aggiungerne!!
|
MARC
| LEADER | 00000naa a2200000 4500 | ||
|---|---|---|---|
| 001 | 0207846 | ||
| 005 | 20240911135613.5 | ||
| 041 | 0 | |a eng | |
| 044 | |a GB | ||
| 245 | 1 | 0 | |a <The> Impact of Mineral Resources on Economic Growth |c Natália Hlavová |
| 520 | |a Efekt prírodných zdrojov, špeciálne nerastných, na výkonnosť ekonomiky. Typy prírodných zdrojov. Vplyv nerastných zdrojov na ekonomický rast v Subsaharskej Afrike. | ||
| 610 | 2 | 0 | |a zdroje energie prírodné |
| 610 | 2 | 0 | |a zdroje prírodné |
| 610 | 2 | 0 | |a rast hospodársky |
| 610 | 2 | 0 | |a Afrika |
| 610 | 2 | 0 | |a Subsahara |
| 610 | 2 | 0 | |a analýza štatistická |
| 610 | 2 | 0 | |a vývoz |
| 100 | 1 | |a Hlavová, Natália, 1991- | |